| 000 -LEADER |
| fixed length control field |
00613cam a2200193 a 4500 |
| 003 - CONTROL NUMBER IDENTIFIER |
| control field |
OSt |
| 005 - DATE AND TIME OF LATEST TRANSACTION |
| control field |
20200311123929.0 |
| 008 - FIXED-LENGTH DATA ELEMENTS--GENERAL INFORMATION |
| fixed length control field |
070130m20072014nyua 001 0 eng |
| 020 ## - INTERNATIONAL STANDARD BOOK NUMBER |
| International Standard Book Number |
9781590176887 (v. 2 : acidfree paper) |
| 082 00 - DEWEY DECIMAL CLASSIFICATION NUMBER |
| Classification number |
724.6 |
| Edition number |
22 |
| Item number |
FIL |
| 100 1# - MAIN ENTRY--PERSONAL NAME |
| Personal name |
Filler, Martin, |
| Dates associated with a name |
1948- |
| 245 10 - TITLE STATEMENT |
| Title |
Makers of modern architecture / |
| Statement of responsibility, etc |
Martin Filler. |
| 260 ## - PUBLICATION, DISTRIBUTION, ETC. (IMPRINT) |
| Place of publication, distribution, etc |
New York : |
| Name of publisher, distributor, etc |
New York Review Books, |
| Date of publication, distribution, etc |
2007-c2014. |
| 300 ## - PHYSICAL DESCRIPTION |
| Extent |
2 v. : |
| Other physical details |
ill. (some col.) ; |
| Dimensions |
22 cm. |
| 500 ## - GENERAL NOTE |
| General note |
Includes indexes. |
| 500 ## - GENERAL NOTE |
| General note |
"A New York Review collection"--Jkt. |
| 650 #0 - SUBJECT ADDED ENTRY--TOPICAL TERM |
| Topical term or geographic name as entry element |
Architecture, Modern |
| Chronological subdivision |
20th century. |
| 942 ## - ADDED ENTRY ELEMENTS (KOHA) |
| Source of classification or shelving scheme |
|